000 00967cam a2200229 4500
001 WS125568
008 040324n 000 0 eng u
035 _a(Sirsi) u125568
110 _aAssociation of Geographic Information
_91672
245 _aAssociation of Geographic Information
520 _aWeb site providing free access to public and private sector geographic information enabling users to discover what geographic data is being held. Indexes information on environment, agriculture, government, utility infrastructure and land use. Also offers advice and guidance on creating geographical datasets.
650 _aEnvironment
_96238
650 _aGEOGRAPHICAL DATASETS
650 _aAGRICULTURE
650 _aLand use
_96251
650 _aMETADATA
650 _aUK STANDARD GEOGRAPHIC BASE
650 _aUKSGB
690 _aGeomatics
_96242
856 4 0 _uhttps://www.agi.org.uk//
_zView the document free of charge at agi.org.uk
942 _n0
_2ddc
999 _c120401
_d120401